New Underwood, South Dakota, 1984 : 1:100 000-scale metric topographic map : 30 x 60 minute series (topographic) /

Bibliographic Details
Corporate Author: Geological Survey (U.S.)
Format: Government Document Map
Language:English
Published: Reston, Va. : The Survey : Denver, Colo. : [1989]
Subjects:

MARC

Tag First Indicator Second Indicator Subfields
LEADER 00000cem a2200000 a 4500
001 in00000905310
005 20150923193020.0
007 aj canzn
008 890731s1989 vauag bh a f 1 eng d
010 |a gp 89017972  
034 1 |a a  |b 100000  |d W1030000  |e W1020000  |f N0443000  |g N0440000 
035 |a (OCoLC)20103345 
035 |9 AEN1400AM 
040 |a GPO  |c GPO  |d UtOrBLW 
052 |a 4181 
074 |a 619-G-25 
086 0 |a I 19.110:44102-A 1-TM-100 
110 2 |a Geological Survey (U.S.) 
245 1 0 |a New Underwood, South Dakota, 1984 :  |b 1:100 000-scale metric topographic map : 30 x 60 minute series (topographic) /  |c produced by the United States Geological Survey. 
255 |a Scale 1:100,000. 1 cm. on the map represents 1 km. on the ground ;  |b universal transverse Mercator proj.  |c (W 10300ʹ--W 10200ʹ/N 4430ʹ--N 4400ʹ). 
264 1 |a Reston, Va. :  |b The Survey :  |b Denver, Colo. :  |c [1989] 
264 2 |a Reston, Va. :  |b For sale by the Survey, 
300 |a 1 map :  |b color ;  |c 61 x 102 cm. 
336 |a cartographic image  |b cri  |2 rdacontent 
337 |a unmediated  |b n  |2 rdamedia 
338 |a sheet  |b nb  |2 rdacarrier 
500 |a Relief shown by contours and spot heights. 
500 |a "Map edited 1984." 
500 |a Designed to be folded to 21 x 11 cm. 
500 |a Includes location map and index to adjoining maps. 
500 |a "44102-A1-TM-100." 
500 |a Cartographic material. 
651 0 |a South Dakota  |x Maps, Topographic. 
999 |a MARS 
999 f f |s 77d06bf9-d2e2-3e34-aace-80f18daa5e6d  |i e4c96466-5018-3883-9620-c215d84f219e  |t 0 
952 f f |p normal  |a Texas A&M University  |b College Station  |c Sterling C. Evans Library  |d Evans: Maps (2nd floor)  |t 0  |e G3701.C1 s100 .U5 New Underwood SD  |h Library of Congress classification  |i unmediated -- sheet  |m A14816678088 
998 f f |a G3701.C1 s100 .U5 New Underwood SD  |t 0  |l Evans: Maps (2nd floor)